| 000 | 00990nam a2200229 i 4500 | ||
|---|---|---|---|
| 001 | 184356 | ||
| 003 | ES-MaACL | ||
| 005 | 20260306063018.0 | ||
| 008 | 150625s1880 sp |||| | spa d | ||
| 100 | 1 |
_aVulpian, Alfred, _d1826-1887 _9152582 |
|
| 245 | 1 | 0 |
_aHospital de la Caridad _b: clínica médica / _cde A. Vulpian ; consideraciones clínicas y observaciones por F. Raymond.. ; versión castellana por Joaquín Torres Fabregat y Carlos de Vicente. |
| 260 |
_aMadrid : _b[s.n.], _c1880 ( _fImp. de Enrique Teodoro) |
||
| 300 |
_aVIII, 678 p. ; _c22 cm. |
||
| 490 | 1 |
_aBiblioteca economica de medicina y cirujía ; _v6 |
|
| 650 | 0 | 7 |
_aMedicina clínica _2embne _914921 |
| 700 | 0 |
_aRaymond, F. _995628 |
|
| 700 | 0 |
_aTorres Fabregat, Joaquín. _9110955 |
|
| 700 | 1 |
_aVicente y Charpentier, Carlos de. _9172565 |
|
| 830 | 0 |
_aBiblioteca económica de medicina y cirujía _v6 _9186248 |
|
| 852 |
_aES-MaACL _jB-12703 _z.- Legado Gustavo Saenz Diez |
||
| 999 |
_c184356 _d184356 |
||